[Event "34. Potsdamer Weihnachtsturnier"]
[Site "?"]
[Date "2009.12.27"]
[Round "2.32"]
[White "Faust, Adrian"]
[Black "Neumann, Ingo"]
[Result "0-1"]
[WhiteElo "876"]
[BlackElo "1609"]
[PlyCount "86"]
[EventDate "2004.??.??"]

1. Nf3 d5 2. e4 dxe4 3. Ng5 e5 4. Nxe4 f5 5. Nec3 Nf6 6. Bc4 Nc6 7. d3 Bb4 8.
Bg5 Bd7 9. O-O h6 10. Bxf6 Qxf6 11. Nd5 Qd6 12. Qh5+ g6 13. Nxc7+ Kd8 14. Ne6+
Bxe6 15. Qxg6 Bxc4 16. Qxd6+ Bxd6 17. dxc4 Ke7 18. Nc3 Rad8 19. Nd5+ Kf7 20.
Rad1 Nb4 21. Nxb4 Bxb4 22. c3 Be7 23. Rfe1 Rxd1 24. Rxd1 Rd8 25. Rd5 Ke6 26.
Rxd8 Bxd8 27. Kf1 Bg5 28. Ke2 Bc1 29. b4 e4 30. Kd1 Bg5 31. Kc2 f4 32. Kd1 Ke5
33. Kc2 h5 34. a4 h4 35. f3 e3 36. Kd3 Bf6 37. c5 Kd5 38. c4+ Kc6 39. a5 a6 40.
Kc2 Bb2 41. Kd3 Ba3 42. b5+ axb5 43. cxb5+ Kxb5 0-1

[Event "34. Potsdamer Weihnachtsturnier"]
[Site "?"]
[Date "2009.12.27"]
[Round "2.33"]
[White "Steppan, Siegfried"]
[Black "Leyrer, Thomas"]
[Result "1-0"]
[WhiteElo "1591"]
[BlackElo "751"]
[PlyCount "55"]
[EventDate "2004.??.??"]

1. d4 d5 2. c4 c6 3. Nf3 Bf5 4. Nc3 Nf6 5. Qb3 Qd7 6. cxd5 Nxd5 7. Nxd5 cxd5 8.
e3 Qc7 9. Bb5+ Bd7 10. Bd3 e6 11. Bd2 Bd6 12. Rc1 Qd8 13. O-O b6 14. Bb4 Bxb4
15. Qxb4 Nc6 16. Qd6 Rc8 17. Qg3 O-O 18. Qd6 Ne7 19. h3 h6 20. Qg3 Rxc1 21.
Rxc1 Bc6 22. Ne5 Bb7 23. Ng4 Ng6 24. Bxg6 fxg6 25. Rc7 Rf7 26. Nxh6+ Kh8 27.
Nxf7+ Kg8 28. Nxd8 1-0